000 00737nam a2200289Ia 4500
005 20260324112340.0
008 008 260324s9999 xx 000 0 eng d
020 _a9781003386179
037 _aEBOOK
040 _aCRL
040 _beng
040 _cCRL
041 _2eng
041 _aeng
084 _qCRL
100 _aLen Sperry; Jon Sperry; Marina Bluvshtein
_91142327
245 0 _aPsychopathology and Psychotherapy
245 0 _bDSM-5-TR Diagnosis, Case Conceptualization, and Treatment
260 _bTaylor and Francis
260 _c2024
365 _a
365 _b220
856 _uhttp://www.taylorfrancis.com/books/9781003386179
942 _cEBOOK
999 _c1731494
_d1731494